00750nam a2200181 4500001000700000003000900007007000300016008004100019100003200060245007800092260008200170300002600252490006100278830006900339852002100408999001900429952012000448148050ES-MaACLt|070214s1924 gw r ||||1| ger d1 aStier-Somlo, Fritz.910821110aDeutsches Reichs und Landesstaatsrecht / cvon Fritz Stier-Somlo.n, . I. aBerlin [etc.] : bWalter de Gruyter, c1924 (eLeipzig : fMetzger et Wittig) aXV, 726 p. ; c20 cm.1 aLehrbücher und Grundisse der Rechtswissenschaft ; v180 aLehrbücher und Grundisse der Rechtswissenschaft ; v189220974 aES-MaACLjC-8207 c148050d148050 00104070aATENEOMbATENEOMcSPALd2008-01-17eSCl0oC-8207p1154505r2023-02-23 00:00:00w2023-02-23yMONOGRAFIA